Normal view
MARC view
Entry Topical Term
001 - CONTROL NUMBER
- control field: 859648
003 - CONTROL NUMBER IDENTIFIER
- control field: OSt
005 - DATE AND TIME OF LATEST TRANSACTION
- control field: 20251226120604.0
008 - FIXED-LENGTH DATA ELEMENTS
- fixed length control field: 251226|| aca||aabn | a|a d
040 ## - CATALOGING SOURCE
- Original cataloging agency: OSt
- Transcribing agency: OSt
150 ## - HEADING--TOPICAL TERM
- Topical term or geographic name entry element: Sociology
670 ## - SOURCE DATA FOUND
- Source citation: Work cat.: (OSt)633823: Weston Kath 243618, Long slow burn: sexuality and social science, 1998
